[Event "Iraklio op 6th"]
[Site "?"]
[Date "2002.06.07"]
[Round "9"]
[White "Karayannis Athanasios"]
[Black "Papastavropoulos Andreas"]
[Result "1-0"]
[WhiteElo "2414"]
[BlackElo "2179"]
[PlyCount "75"]
[EventDate "2002.??.??"]
[Source "www.chesslib.no"]
[SourceDate "2004.05.04"]

1. d4 Nf6 2. Nf3 g6 3. c4 Bg7 4. Nc3 d6 5. e4 O-O 6. Bg5 a5 7. h3 Nc6 8. Be2 h6 9. Be3 Bd7 10. Qd2 Kh7 11. g4 Rh8 12. e5 Ne8 13. O-O-O Nb4 14. a3 Na6 15. Kb1 Kg8 16. Nh4 Qc8 17. f4 dxe5 18. fxe5 c6 19. Rhg1 Nec7 20. Na4 Rb8 21. Nb6 Qd8 22. d5 Be8 23. Nf3 cxd5 24. cxd5 Na8 25. Qxa5 h5 26. g5 Kh7 27. d6 exd6 28. Rxd6 Qe7 29. Nd5 Qf8 30. Nf6+ Bxf6 31. gxf6 N8c7 32. Ng5+ Kg8 33. Bxa6 Nxa6 34. Rgd1 h4 35. Rd8 Rh5 36. Qb6 Kh8 37. Qd6 Qxd6 38. R1xd6 1-0

[Event "Politiken Cup"]
[Site "Copenhagen DEN"]
[Date "1982.??.??"]
[Round "3"]
[White "Brondum, Eric"]
[Black "Jacobsen, Bo"]
[Result "1-0"]
[WhiteElo "2275"]
[BlackElo "2315"]
[PlyCount "80"]
[EventDate "1982.06.??"]
[Source "www.chesslib.no"]
[SourceDate "2004.05.04"]

1. d4 Nf6 2. c4 g6 3. Nc3 Bg7 4. e4 O-O 5. Nf3 d6 6. Bg5 h6 7. Bh4 c5 8. d5 a6 9. a4 Qa5 10. Nd2 e5 11. Be2 Nbd7 12. O-O Nh7 13. Ra3 Re8 14. Kh1 h5 15. f3 Bh6 16. Nb3 Qc7 17. Nc1 Ndf8 18. a5 Be3 19. Na4 Bd4 20. Nb6 Rb8 21. Qd2 f5 22. Nb3 f4 23. Nxd4 cxd4 24. b4 g5 25. Be1 g4 26. Nxc8 Rbxc8 27. Ra1 Qg7 28. Rc1 Nd7 29. g3 fxg3 30. Bxg3 Qg5 31. Qxg5+ Nxg5 32. Bh4 Nh3 33. fxg4 Nf4 34. Bf3 Nd3 35. Rb1 Rxc4 36. gxh5 Rxb4 37. Rg1+ Kf7 38. h6 Rh8 39. Rb3 Rb5 40. Rc1 Nf8 1-0

[Event "Bundesliga 8283"]
[Site "Germany"]
[Date "1983.??.??"]
[Round "?"]
[White "Jacoby, Gisbert"]
[Black "Sonntag, Hans Hubert"]
[Result "1-0"]
[WhiteElo "2270"]
[BlackElo "2320"]
[PlyCount "101"]
[EventDate "1982.10.??"]
[Source "ChessBase"]
[SourceDate "1999.07.01"]

1. Nf3 Nf6 2. c4 g6 3. Nc3 Bg7 4. e4 d6 5. d4 O-O 6. Bg5 h6 7. Bh4 c6 8. Be2 Qa5 9. O-O e5 10. d5 c5 11. Nd2 Nbd7 12. a3 Qc7 13. b4 a6 14. Rb1 Re8 15. Qa4 g5 16. Bg3 Rb8 17. f3 Nf8 18. bxc5 Qxc5+ 19. Bf2 Qc7 20. Qb4 N8d7 21. Ba7 Ra8 22. Be3 Bf8 23. Nb3 Nc5 24. a4 Nxb3 25. Rxb3 Nd7 26. a5 Be7 27. Na4 Nc5 28. Nb6 Rb8 29. Rb2 f5 30. Nxc8 Rexc8 31. exf5 Bd8 32. Rfb1 Qd7 33. g4 Qe7 34. Qd2 Qc7 35. h4 Qg7 36. hxg5 hxg5 37. Kg2 Bf6 38. Rb6 Qe7 39. Rh1 e4 40. f4 Na4 41. Rh6 Nxb6 42. axb6 gxf4 43. Bxf4 e3 44. Qd3 Bg7 45. Re6 Qh4 46. Bxd6 Qf2+ 47. Kh3 Bf6 48. Rxf6 Kg7 49. Rg6+ Kf7 50. g5 Rh8+ 51. Rh6 1-0

[Event "Moscow-ch"]
[Site "Moscow"]
[Date "1996.??.??"]
[Round "4"]
[White "Khromov, Vladimir V"]
[Black "Riazantsev, Alexander"]
[Result "0-1"]
[WhiteElo "2240"]
[BlackElo "2350"]
[PlyCount "72"]
[EventDate "1996.08.??"]
[Source "www.chesslib.no"]
[SourceDate "2004.05.04"]

1. Nf3 Nf6 2. d4 g6 3. c4 Bg7 4. Nc3 O-O 5. e4 d6 6. Bg5 Nbd7 7. Qd2 e5 8. dxe5 dxe5 9. Rd1 Re8 10. Be2 c6 11. O-O Qc7 12. Qd6 Qxd6 13. Rxd6 Nh5 14. Rfd1 Nc5 15. Rd8 Bg4 16. Rxa8 Rxa8 17. Be7 Nd7 18. h3 Be6 19. Ng5 Nhf6 20. Nxe6 fxe6 21. c5 Bf8 22. Bxf8 Kxf8 23. b4 a5 24. a3 axb4 25. axb4 Ra3 26. Rc1 Rb3 27. b5 Nxc5 28. bxc6 bxc6 29. f3 Rb2 30. Bf1 Nb3 31. Rd1 Nd4 32. f4 Nd7 33. fxe5 c5 34. Nb5 Rb4 35. Nc7 Ke7 36. Rd2 Nxe5 0-1

[Event "Ch Hungary team"]
[Site "?"]
[Date "2001.??.??"]
[Round "7"]
[White "Forgacs Jozsef"]
[Black "Besztercsenyi Tibor"]
[Result "1-0"]
[WhiteElo "2358"]
[BlackElo "2231"]
[PlyCount "73"]
[EventDate "2001.??.??"]
[Source "www.chesslib.no"]
[SourceDate "2004.05.04"]

1. c4 Nf6 2. Nf3 g6 3. Nc3 Bg7 4. e4 d6 5. d4 O-O 6. Bg5 h6 7. Bf4 c6 8. Be2 a6 9. h3 b5 10. e5 Ne8 11. O-O Nd7 12. Qd2 Kh7 13. Rad1 Bb7 14. Qe3 bxc4 15. Bxc4 Nb6 16. Bd3 Nc7 17. h4 Nbd5 18. Nxd5 Nxd5 19. Qd2 Qd7 20. Bg3 Rad8 21. Rfe1 f5 22. e6 Qe8 23. h5 Kg8 24. Nh4 g5 25. Nxf5 Qxh5 26. Bb1 Rf6 27. Qd3 Qg6 28. Qb3 Rxf5 29. Qxb7 Rdf8 30. Qxc6 Qf6 31. Bxf5 Qxf5 32. Qxa6 h5 33. Qd3 Qf6 34. Qf3 Qxf3 35. gxf3 h4 36. Bh2 Rxf3 37. Bxd6 1-0

[Event "HUN Team Ch"]
[Site "HUN"]
[Date "1991.??.??"]
[Round "?"]
[White "Forgacs, Jozsef"]
[Black "Seres, Lajos"]
[Result "1-0"]
[WhiteElo "2305"]
[BlackElo "2270"]
[PlyCount "105"]
[EventDate "1991.??.??"]
[Source "www.chesslib.no"]
[SourceDate "2004.05.04"]

1. Nf3 Nf6 2. c4 g6 3. Nc3 Bg7 4. d4 O-O 5. e4 d6 6. Bg5 h6 7. Bf4 c6 8. Qd2 g5 9. Be3 Ng4 10. O-O-O a6 11. Ne2 e6 12. h4 Nxe3 13. fxe3 g4 14. Ne1 b5 15. Ng3 Nd7 16. Nh5 Bh8 17. c5 dxc5 18. e5 Qe8 19. e4 Kh7 20. Nf6+ Nxf6 21. exf6 e5 22. dxc5 Bxf6 23. Qf2 Be7 24. Nd3 f6 25. h5 Be6 26. Kb1 Qf7 27. Ka1 Rfd8 28. Be2 Rd4 29. Rdf1 Rxe4 30. Rh4 Qg7 31. Bf3 Rd4 32. Bxc6 Rc8 33. Bb7 Rc7 34. Ba8 g3 35. Qc2 Kg8 36. Rxd4 exd4 37. Nf4 Rxc5 38. Qe4 Rc8 39. Bd5 Bxd5 40. Nxd5 Bd8 41. Qxd4 Rc4 42. Qe3 f5 43. Rxf5 Rc2 44. Nc3 Rf2 45. Rxf2 gxf2 46. Qxf2 Bf6 47. Nd5 Bd4 48. Qe2 Qg5 49. Qe8+ Kg7 50. Qd7+ Kf8 51. Qd6+ Kg7 52. Nf4 Qf6 53. Qxd4 1-0

[Event "Benasque op"]
[Site "Benasque"]
[Date "1997.??.??"]
[Round "8"]
[White "Mayo Martinez, Manuel"]
[Black "Ivanov, Jordan"]
[Result "1-0"]
[WhiteElo "2205"]
[BlackElo "2365"]
[PlyCount "105"]
[EventDate "1997.??.??"]
[Source "www.chesslib.no"]
[SourceDate "2004.05.04"]

1. d4 Nf6 2. Nf3 g6 3. c4 Bg7 4. Nc3 O-O 5. e4 d6 6. Bg5 Nbd7 7. Be2 h6 8. Bh4 e5 9. dxe5 dxe5 10. O-O c6 11. Qc2 Qe8 12. b4 Nh7 13. Nd2 h5 14. f3 f5 15. c5 g5 16. Bf2 f4 17. Nc4 Qg6 18. Nd6 Kh8 19. Kh1 Ndf6 20. Bc4 Ne8 21. Rad1 Nxd6 22. Rxd6 Bf6 23. Rfd1 Qg7 24. Ne2 Be7 25. R6d3 g4 26. Be1 h4 27. Bc3 Ng5 28. Qb2 h3 29. Bxe5 hxg2+ 30. Kxg2 gxf3+ 31. Kf2 Bf6 32. Bxf6 Nxe4+ 33. Ke1 f2+ 34. Kf1 Rxf6 35. Qe5 Bf5 36. Qxf5 Ng3+ 37. Rxg3 fxg3 38. Qh3+ Rh6 39. Qxg3 Rg6 40. Qh3+ Rh6 41. Qd7 Rxh2 42. Qxg7+ Kxg7 43. Rd7+ Kg6 44. Nf4+ Kg5 45. Nd3 Rf8 46. Rg7+ Kh4 47. Rh7+ Kg3 48. Rg7+ Kh4 49. Bf7 Rh1+ 50. Kxf2 Rh2+ 51. Kf3 Rxa2 52. Rg4+ Kh3 53. Nf4+ 1-0

[Event "JUG-chT"]
[Site "Vrnjacka Banja"]
[Date "1996.??.??"]
[Round "?"]
[White "Semenov, Aleksandar"]
[Black "Bulajic, Ratko"]
[Result "0-1"]
[WhiteElo "2300"]
[BlackElo "2270"]
[PlyCount "104"]
[EventDate "1996.??.??"]
[Source "www.chesslib.no"]
[SourceDate "2004.05.04"]

1. c4 g6 2. Nc3 Bg7 3. d4 Nf6 4. e4 d6 5. Nf3 O-O 6. Bg5 h6 7. Bh4 Na6 8. Be2 e5 9. Qd2 Re8 10. dxe5 dxe5 11. O-O-O Qxd2+ 12. Rxd2 Nc5 13. Bd3 c6 14. Bc2 Nh5 15. Rhd1 Bg4 16. Rd8 g5 17. Rxa8 Rxa8 18. Bg3 Bxf3 19. gxf3 Ne6 20. Rd7 Rb8 21. b4 Nf6 22. Rd2 Nh7 23. a4 Rd8 24. Rxd8+ Nxd8 25. Kb2 Nf8 26. a5 Nfe6 27. Ne2 f6 28. c5 Kf7 29. Kc3 Ke7 30. Bd3 Nc7 31. Kb3 Kd7 32. Bc4 Bf8 33. h3 Nce6 34. a6 bxa6 35. Bxa6 Nc7 36. Bc4 a5 37. Nc3 axb4 38. Kxb4 Nce6 39. Na4 Nxc5 40. Nxc5+ Kc7 41. h4 Kb6 42. hxg5 hxg5 43. Bg8 Bxc5+ 44. Kc4 Nb7 45. Kd3 Nd6 46. Bh2 Kb5 47. Kc3 Bd4+ 48. Kd3 c5 49. Bd5 c4+ 50. Kc2 Kb4 51. f4 gxf4 52. f3 Nb5 0-1

[Event "Moscow-ch"]
[Site "Moscow"]
[Date "1996.??.??"]
[Round "10"]
[White "Khromov, Vladimir V"]
[Black "Kravets, Vladislav V"]
[Result "1-0"]
[WhiteElo "2240"]
[BlackElo "2310"]
[PlyCount "103"]
[EventDate "1996.08.??"]
[Source "www.chesslib.no"]
[SourceDate "2004.05.04"]

1. Nf3 Nf6 2. d4 g6 3. c4 Bg7 4. Nc3 O-O 5. e4 d6 6. Bg5 Nbd7 7. Qd2 a6 8. Be2 e5 9. O-O-O Qe8 10. d5 Ng4 11. Rdf1 f6 12. Bh4 Bh6 13. Ng5 Nxf2 14. Rxf2 Bxg5 15. Bxg5 fxg5 16. Rxf8+ Qxf8 17. Qxg5 Qf4+ 18. Qxf4 exf4 19. Rf1 g5 20. h4 h6 21. hxg5 hxg5 22. g3 fxg3 23. Rf5 Ne5 24. Rxg5+ Kf7 25. Rxg3 Bd7 26. Kc2 Rh8 27. b4 Rh2 28. Kb3 Rf2 29. a4 Rh2 30. a5 Rh4 31. b5 Bc8 32. Kb4 Kf8 33. c5 axb5 34. Kxb5 Bd7+ 35. Kb4 Rh6 36. Bb5 c6 37. Be2 cxd5 38. Nxd5 dxc5+ 39. Kxc5 Bc6 40. Kd4 Nd7 41. Bc4 Rh4 42. Nc3 Nf6 43. Rf3 Ke7 44. Nd5+ Nxd5 45. Bxd5 Bxd5 46. Kxd5 Rh5+ 47. e5 Ke8 48. Rb3 Rh7 49. a6 Rd7+ 50. Ke6 Re7+ 51. Kf6 Rf7+ 52. Kg6 1-0

[Event "Ch World (for the Deaf)"]
[Site "Rotterdam NED"]
[Date "1996.??.??"]
[Round "?"]
[White "Todorovic Boro"]
[Black "Georgiev, Veselin"]
[Result "1/2-1/2"]
[WhiteElo "2282"]
[BlackElo "2265"]
[PlyCount "66"]
[EventDate "1996.??.??"]
[Source "www.chesslib.no"]
[SourceDate "2004.05.04"]

1. d4 Nf6 2. c4 g6 3. Nf3 Bg7 4. Nc3 O-O 5. e4 d6 6. Bg5 h6 7. Bf4 Nc6 8. h3 Qe8 9. d5 e5 10. Be3 Nd4 11. Be2 Nxf3+ 12. Bxf3 a6 13. Qd2 Kh7 14. g4 Qe7 15. g5 hxg5 16. Bxg5 Qe8 17. Qe2 Ng8 18. h4 Bh6 19. O-O-O f6 20. Be3 Bxe3+ 21. Qxe3 Nh6 22. Rdg1 Rg8 23. Bd1 Bd7 24. Rg2 Qe7 25. Rhg1 Rg7 26. Bc2 Rag8 27. Ne2 Bc8 28. Kb1 Bd7 29. Bd3 Bc8 30. Ka1 b6 31. Kb1 Bd7 32. f4 Bc8 33. Qf3 Bd7 1/2-1/2

[Event "ESP-ch"]
[Site "Linares"]
[Date "1998.08.12"]
[Round "1"]
[White "Castany Pampalona, A."]
[Black "Sion Castro, Marcelino"]
[Result "0-1"]
[WhiteElo "2115"]
[BlackElo "2430"]
[PlyCount "64"]
[EventDate "1998.08.??"]
[Source "www.chesslib.no"]
[SourceDate "2004.05.04"]

1. d4 Nf6 2. Nf3 g6 3. c4 Bg7 4. Nc3 O-O 5. e4 d6 6. Bg5 c5 7. d5 b5 8. cxb5 a6 9. a4 h6 10. Bd2 e6 11. Be2 exd5 12. exd5 Bb7 13. O-O Nbd7 14. Bf4 Nb6 15. bxa6 Bxa6 16. Bxa6 Rxa6 17. a5 Nc8 18. Qa4 Ne7 19. Rfd1 Nh5 20. Bd2 Qa8 21. Qd7 Nf5 22. g4 Nf6 23. Qb5 Nxg4 24. Na4 Qxd5 25. Qxa6 Qxf3 26. Qf1 Nxf2 27. Qg2 Qh5 28. Kxf2 Bd4+ 29. Kf1 Nh4 30. Qe4 d5 31. Qd3 Nf3 32. Kg2 Qxh2+ 0-1

[Event "HUN-chT2 9899"]
[Site "?"]
[Date "1999.??.??"]
[Round "?"]
[White "Forgacs Jozsef"]
[Black "Apatoczky Pal"]
[Result "1-0"]
[WhiteElo "2345"]
[BlackElo "2200"]
[PlyCount "71"]
[EventDate "1999.??.??"]
[Source "www.chesslib.no"]
[SourceDate "2004.05.04"]

1. Nf3 g6 2. c4 Bg7 3. Nc3 d6 4. d4 Nf6 5. e4 O-O 6. Bg5 c5 7. d5 h6 8. Bf4 Ng4 9. h3 Ne5 10. Nxe5 dxe5 11. Be3 Na6 12. Qd2 Kh7 13. h4 b6 14. h5 g5 15. Bd3 Nc7 16. f3 Ne8 17. g3 Nd6 18. f4 exf4 19. gxf4 f6 20. e5+ Kg8 21. exd6 exd6 22. O-O-O a6 23. Rde1 Bd7 24. Rhf1 b5 25. Bb1 b4 26. Nd1 a5 27. fxg5 hxg5 28. Bxg5 fxg5 29. Qd3 Rf4 30. Qh7+ Kf8 31. h6 Bd4 32. Rxf4+ gxf4 33. Bg6 Qf6 34. Qxd7 Qxg6 35. h7 Qd3 36. Qe7# 1-0

[Event "FIN Team Ch"]
[Site "Finland"]
[Date "1993.??.??"]
[Round "?"]
[White "Luik, Helmuth"]
[Black "Tikkanen, Kari"]
[Result "1/2-1/2"]
[WhiteElo "2295"]
[BlackElo "2245"]
[PlyCount "33"]
[EventDate "1993.??.??"]
[Source "www.chesslib.no"]
[SourceDate "2004.05.04"]

1. d4 Nf6 2. Nf3 g6 3. c4 Bg7 4. Nc3 O-O 5. e4 d6 6. Bg5 h6 7. Bh4 g5 8. Bg3 Nh5 9. Be2 Nxg3 10. hxg3 c5 11. dxc5 dxc5 12. Qxd8 Rxd8 13. Nd5 Nc6 14. O-O-O Kf8 15. Ne3 Nd4 16. Nxd4 cxd4 17. f4 1/2-1/2

[Event "HUN-chT29899"]
[Site "HUN"]
[Date "1999.??.??"]
[Round "?"]
[White "Forgacs, Jozsef"]
[Black "Karsai, Istvan"]
[Result "1-0"]
[WhiteElo "2345"]
[BlackElo "2185"]
[PlyCount "63"]
[EventDate "1998.??.??"]
[Source "www.chesslib.no"]
[SourceDate "2004.05.04"]

1. c4 Nf6 2. Nf3 g6 3. Nc3 Bg7 4. e4 d6 5. d4 O-O 6. Bg5 c5 7. d5 b5 8. cxb5 a6 9. a4 Qa5 10. Nd2 axb5 11. Bxb5 h6 12. Nc4 Qd8 13. Bh4 Na6 14. O-O Nb4 15. h3 Nh5 16. Re1 Nf4 17. e5 g5 18. exd6 exd6 19. Bg3 Bb7 20. Bxf4 gxf4 21. a5 Bxc3 22. bxc3 Nxd5 23. a6 Nxc3 24. axb7 Rxa1 25. Qg4+ Kh7 26. Rxa1 f5 27. Qh5 Qe7 28. Nxd6 Nxb5 29. Nxb5 Qe6 30. Ra8 Qe1+ 31. Kh2 Qxf2 32. Qf3 1-0

[Event "It (Open) Neiva COL"]
[Site "?"]
[Date "2005.05.15"]
[Round "9"]
[White "Vittorino Carlo"]
[Black "Hernandez Fierro Rodrigo"]
[Result "1-0"]
[WhiteElo "2332"]
[BlackElo "2194"]
[PlyCount "65"]
[EventDate "2005.??.??"]
[Source "www.chesslib.no"]
[SourceDate "2004.05.04"]

1. d4 Nf6 2. c4 g6 3. Nc3 Bg7 4. e4 d6 5. Nf3 O-O 6. Bg5 h6 7. Bh4 c5 8. d5 Qa5 9. Nd2 e6 10. Be2 exd5 11. cxd5 b5 12. a4 b4 13. Nb5 Qd8 14. Bg3 Ba6 15. Nxd6 Qe7 16. Bxa6 Nxa6 17. O-O Rad8 18. Re1 Rxd6 19. Bxd6 Qxd6 20. e5 Qxd5 21. exf6 Bxf6 22. Ne4 Qd4 23. Nxf6+ Qxf6 24. Qe2 Nc7 25. Qe5 Qc6 26. Qf4 Ne6 27. Qe4 Qxe4 28. Rxe4 Rd8 29. Kf1 Rd3 30. Ke2 Rb3 31. Rb1 Nd4+ 32. Kd2 f5 33. Rxd4 1-0

[Event "CZE-chT2 9899"]
[Site "CZE"]
[Date "1999.??.??"]
[Round "?"]
[White "Pesout, Jan"]
[Black "Folk, Petr"]
[Result "0-1"]
[WhiteElo "2255"]
[BlackElo "2255"]
[PlyCount "88"]
[EventDate "1998.??.??"]
[Source "www.chesslib.no"]
[SourceDate "2004.05.04"]

1. Nf3 Nf6 2. c4 g6 3. Nc3 Bg7 4. e4 d6 5. d4 O-O 6. Bg5 c5 7. Be2 h6 8. Be3 Ng4 9. Qd2 Nxe3 10. fxe3 Nc6 11. h3 e6 12. O-O-O Qa5 13. Kb1 a6 14. a3 Rb8 15. Na2 Qb6 16. g4 Na5 17. b4 Nc6 18. Qb2 Qc7 19. Nc3 cxb4 20. axb4 b5 21. c5 dxc5 22. bxc5 Na5 23. Qc1 Bd7 24. e5 Bc6 25. Rhf1 b4 26. Na2 Be4+ 27. Kb2 Qc6 28. Nd2 Bd5 29. Bf3 Qa4 30. Bxd5 exd5 31. Kb1 Rfc8 32. e4 Qc6 33. Rfe1 Rd8 34. exd5 Qxd5 35. Ne4 Nc4 36. Nf6+ Bxf6 37. exf6 g5 38. h4 Na3+ 39. Kb2 Nc4+ 40. Kb1 Na3+ 41. Kb2 Qg2+ 42. Kb3 a5 43. Nc3 bxc3+ 44. Kxa3 Rb2 0-1

[Event "Skopje op"]
[Site "Skopje"]
[Date "1998.12.12"]
[Round "1"]
[White "Milosevic, Dragan"]
[Black "Nedev, Trajce"]
[Result "0-1"]
[WhiteElo "2070"]
[BlackElo "2435"]
[PlyCount "72"]
[EventDate "1998.12.??"]
[Source "www.chesslib.no"]
[SourceDate "2004.05.04"]

1. d4 Nf6 2. c4 g6 3. Nc3 Bg7 4. e4 d6 5. Nf3 O-O 6. Bg5 h6 7. Bxf6 Bxf6 8. e5 Bg7 9. Be2 dxe5 10. dxe5 Nc6 11. Qxd8 Rxd8 12. Nd5 Rd7 13. O-O Nxe5 14. Rab1 c6 15. Ne3 Nd3 16. b3 Nf4 17. Bd1 e5 18. g3 Nd3 19. b4 a5 20. b5 Nc5 21. Bc2 e4 22. Nh4 Rd2 23. Nhg2 Be6 24. bxc6 bxc6 25. Rb6 Bxc4 26. Nxc4 Rxc2 27. Nce3 Nd3 28. a3 Rc3 29. Nd1 Rxa3 30. Rxc6 a4 31. Nde3 Ra1 32. Rxa1 Bxa1 33. Rc2 a3 34. Ra2 Bb2 35. Nc4 Nb4 36. Rxb2 axb2 0-1

[Event "RUS-ch U14"]
[Site "?"]
[Date "2000.??.??"]
[Round "5"]
[White "Ekdyshman Mikhail"]
[Black "Petrukhin Denis"]
[Result "1/2-1/2"]
[WhiteElo "2317"]
[BlackElo "2184"]
[PlyCount "49"]
[EventDate "2000.??.??"]
[Source "www.chesslib.no"]
[SourceDate "2004.05.04"]

1. d4 Nf6 2. c4 g6 3. Nc3 Bg7 4. e4 d6 5. Nf3 O-O 6. Bg5 Na6 7. Be2 h6 8. Bh4 c6 9. O-O e5 10. dxe5 dxe5 11. Nxe5 Qxd1 12. Rfxd1 Nxe4 13. Nxe4 Bxe5 14. Be7 Re8 15. Nf6+ Bxf6 16. Bxf6 Bf5 17. Rd2 Re6 18. Bc3 Nc5 19. f3 g5 20. Rad1 Na4 21. Rd8+ Rxd8 22. Rxd8+ Kh7 23. Rh8+ Kg6 24. Rg8+ Kh7 25. Rh8+ 1/2-1/2

[Event "TCh-ISL 2004-5"]
[Site "?"]
[Date "2004.11.19"]
[Round "1"]
[White "Ornolfsson Magnus P"]
[Black "Jonasson Benedikt"]
[Result "1-0"]
[WhiteElo "2203"]
[BlackElo "2297"]
[PlyCount "105"]
[EventDate "2004.??.??"]
[Source "www.chesslib.no"]
[SourceDate "2004.05.04"]

1. d4 Nf6 2. Nf3 g6 3. c4 Bg7 4. Nc3 O-O 5. e4 d6 6. Bg5 c5 7. d5 e6 8. dxe6 Bxe6 9. Qd2 Nc6 10. Be2 Qa5 11. O-O Nd7 12. Qxd6 Nd4 13. Nxd4 cxd4 14. Nd5 d3 15. Bxd3 Bxb2 16. Rab1 Be5 17. Qb4 Qxa2 18. f4 Bd4+ 19. Kh1 Nc5 20. Bf6 Bxd5 21. cxd5 Be3 22. Rb2 Nxd3 23. Qxf8+ Kxf8 24. Rxa2 Rc8 25. g3 Nb4 26. Re2 Bc5 27. Rc1 b6 28. d6 Ke8 29. Bd4 Kd7 30. Bxc5 bxc5 31. e5 a5 32. Rc4 Nd3 33. Rcc2 Rb8 34. Kg2 Rb4 35. Re3 c4 36. Rxc4 Rxc4 37. Rxd3 a4 38. Ra3 g5 39. Kf3 Rb4 40. Kg4 gxf4 41. gxf4 Ke6 42. Rh3 Rb7 43. Rh6+ Kd5 44. Kf5 Kc6 45. Rxh7 a3 46. Rh3 Ra7 47. Rc3+ Kd7 48. Rc1 a2 49. Ra1 Ra4 50. h4 f6 51. exf6 Kxd6 52. Rd1+ Kc7 53. f7 1-0

[Event "US Open"]
[Site "Palo Alto"]
[Date "1981.??.??"]
[Round "8"]
[White "Cross, Steven"]
[Black "Youngworth, Perry"]
[Result "0-1"]
[WhiteElo "2196"]
[BlackElo "2295"]
[PlyCount "84"]
[EventDate "1981.??.??"]
[Source "www.chesslib.no"]
[SourceDate "2004.05.04"]

1. d4 Nf6 2. c4 g6 3. Nc3 Bg7 4. e4 d6 5. Nf3 O-O 6. Bg5 c5 7. d5 b5 8. cxb5 a6 9. Qd2 Qa5 10. b6 Bg4 11. Be2 Nbd7 12. O-O Qxb6 13. Rae1 Rfb8 14. b3 Qc7 15. h3 Bxf3 16. gxf3 Rb4 17. Kg2 a5 18. h4 Nb6 19. a3 Rxb3 20. Bd1 Rxc3 21. Qxc3 Nxe4 22. Qe3 Nxg5 23. Qxg5 Bf6 24. Qd2 Qb7 25. Bb3 c4 26. Ba2 Qxd5 27. Qxd5 Nxd5 28. Bxc4 Nf4+ 29. Kg3 Be5 30. Rb1 d5 31. Ba2 e6 32. Rb7 Bd6 33. Rd7 Ne2+ 34. Kg4 h5+ 35. Kh3 Bxa3 36. Rb1 Bb4 37. Rb3 Rc8 38. Re3 Nd4 39. Rd3 Nf5 40. Bb3 Rc1 41. f4 Rh1+ 42. Kg2 Rxh4 0-1

[Event "Balatonalm di Open"]
[Site "Balaton"]
[Date "1996.??.??"]
[Round "6"]
[White "Forgacs, Jozsef"]
[Black "Forgacs, Attila"]
[Result "0-1"]
[WhiteElo "2290"]
[BlackElo "2195"]
[PlyCount "128"]
[EventDate "1996.??.??"]
[Source "www.chesslib.no"]
[SourceDate "2004.05.04"]

1. Nf3 g6 2. c4 Bg7 3. d4 d6 4. Nc3 Nf6 5. e4 O-O 6. Bg5 Na6 7. Be2 h6 8. Bf4 Nh5 9. Be3 e5 10. Qd2 Kh7 11. O-O-O Qe8 12. h4 Nf6 13. h5 Nxh5 14. Ng5+ hxg5 15. g4 Bxg4 16. Bxg4 f6 17. d5 Bh6 18. Rh2 Kg7 19. Rdh1 Rh8 20. Bxh5 gxh5 21. Rxh5 Qg6 22. f3 Kf7 23. Ne2 Bg7 24. Ng3 Rh6 25. Rxh6 Bxh6 26. Rh5 Bg7 27. Qh2 g4 28. Nf5 Rg8 29. fxg4 Qxg4 30. Rh7 Qxe4 31. Qh5+ Kf8 32. Rxg7 Qxc4+ 33. Kd1 Qxd5+ 34. Ke1 Rxg7 35. Bh6 Qe4+ 36. Kf2 Qc2+ 37. Kf1 Qb1+ 38. Kf2 Qxb2+ 39. Ke1 Qb1+ 40. Kf2 Qxa2+ 41. Ke1 Qb1+ 42. Kf2 Qa2+ 43. Ke1 Qf7 44. Qg4 Ke8 45. Bxg7 Nc5 46. Bh8 Kd8 47. Nh6 Qe6 48. Qg7 Qe7 49. Qg6 Kd7 50. Ng8 Qe6 51. Bxf6 Kc6 52. Ne7+ Kb5 53. Qg2 Qc4 54. Qb2+ Qb3 55. Qe2+ Qc4 56. Qb2+ Nb3 57. Bg5 a5 58. Nc8 a4 59. Be3 Qb4+ 60. Kf2 Nd4 61. Na7+ Kc4 62. Qc1+ Qc3 63. Qf1+ Qd3 64. Qe1 Nc2 0-1

[Event "HUN-chT2 9697"]
[Site "?"]
[Date "1996.??.??"]
[Round "1"]
[White "Kaman Attila"]
[Black "Kovacs Gabor M"]
[Result "1-0"]
[WhiteElo "2190"]
[BlackElo "2285"]
[PlyCount "120"]
[EventDate "1996.??.??"]
[Source "www.chesslib.no"]
[SourceDate "2004.05.04"]

1. d4 Nf6 2. Nf3 g6 3. c4 Bg7 4. Nc3 O-O 5. e4 d6 6. Bg5 h6 7. Be3 c6 8. h3 Nbd7 9. Qd2 Kh7 10. Bd3 e5 11. O-O-O a6 12. g4 Ne8 13. Kb1 b5 14. dxe5 dxe5 15. Ne2 Qf6 16. Ne1 Qe6 17. Rc1 Rb8 18. c5 Nc7 19. f4 exf4 20. Bxf4 Ne5 21. Nd4 Qd7 22. Ndf3 f6 23. Qe3 Ne6 24. Bg3 Bb7 25. Be2 Rbd8 26. Rf1 Bc8 27. Bh4 Qc7 28. Nxe5 Qxe5 29. Nd3 Qd4 30. Qxd4 Rxd4 31. Bf2 Rd7 32. Nb4 Nf4 33. Rfe1 Rd2 34. Be3 Rxe2 35. Bxf4 Rxe1 36. Rxe1 Re8 37. Nxc6 Bb7 38. Nb4 Bxe4+ 39. Kc1 f5 40. gxf5 gxf5 41. Nxa6 Re6 42. Nc7 Rc6 43. Bd6 b4 44. Ne6 Bf6 45. a3 b3 46. Re3 Bd5 47. Nf4 Bf7 48. Rd3 Bc4 49. Rg3 Bg5 50. Rf3 Bd5 51. Rc3 Bf7 52. Be5 Re6 53. Bb8 Re4 54. c6 Bxf4+ 55. Bxf4 Rxf4 56. c7 Be6 57. c8=Q Bxc8 58. Rxc8 Rf1+ 59. Kd2 Rf2+ 60. Kc1 Rf1+ 1-0

[Event "URU-ch"]
[Site "Montevideo"]
[Date "2001.04.23"]
[Round "3"]
[White "Izquierdo, Daniel"]
[Black "Muniz, Rafael"]
[Result "1/2-1/2"]
[WhiteElo "2288"]
[BlackElo "2172"]
[PlyCount "57"]
[EventDate "2001.04.21"]
[Source "ChessBase"]
[SourceDate "2001.07.03"]

1. d4 Nf6 2. Nf3 g6 3. c4 Bg7 4. Nc3 O-O 5. e4 d6 6. Bg5 Na6 7. Bd3 Qe8 8. Qd2 e5 9. dxe5 dxe5 10. Bh6 c6 11. Bxg7 Kxg7 12. h3 Nc5 13. Qe3 Qe7 14. Bc2 a5 15. O-O Nh5 16. Ne2 b6 17. b3 Ba6 18. Rfd1 Rae8 19. Rd2 Qc7 20. Rad1 Bc8 21. Qc3 Kg8 22. a3 f6 23. b4 axb4 24. axb4 Ne6 25. c5 bxc5 26. bxc5 Nhf4 27. Nxf4 Nxf4 28. Bb3+ Kh8 29. Kh2 1/2-1/2

[Event "Amburgo GER"]
[Site "?"]
[Date "2005.10.07"]
[Round "5"]
[White "Sharevich Anna"]
[Black "Tochtrop Matthias"]
[Result "1/2-1/2"]
[WhiteElo "2305"]
[BlackElo "2154"]
[PlyCount "45"]
[EventDate "2005.??.??"]
[Source "www.chesslib.no"]
[SourceDate "2004.05.04"]

1. d4 g6 2. c4 Bg7 3. Nc3 d6 4. e4 Nf6 5. Nf3 O-O 6. Bg5 h6 7. Bh4 Na6 8. Be2 e5 9. d5 g5 10. Bg3 Nxe4 11. Nxe4 f5 12. Nfd2 fxe4 13. Nxe4 Bf5 14. Bd3 g4 15. Qd2 h5 16. f3 Bxe4 17. Bxe4 Nc5 18. O-O Qf6 19. Bc2 e4 20. Bxe4 Qxb2 21. Qxb2 Bxb2 22. Rab1 Bd4+ 23. Bf2 1/2-1/2

[Event "Ruhrhalbinsel op 15th"]
[Site "Essen Ueberruhr"]
[Date "2000.06.10"]
[Round "3.5"]
[White "Siebrecht, Sebastian"]
[Black "Nowicki, Heiko"]
[Result "1-0"]
[WhiteElo "2373"]
[BlackElo "2083"]
[PlyCount "67"]
[EventDate "2000.06.08"]
[Source "www.chesslib.no"]
[SourceDate "2004.05.04"]

1. d4 Nf6 2. Nf3 g6 3. c4 Bg7 4. Nc3 d6 5. Bg5 O-O 6. e4 Na6 7. Be2 Qe8 8. Nd2 e5 9. d5 c6 10. O-O Bd7 11. a3 Rc8 12. Be3 Nc5 13. b4 cxd5 14. exd5 Na4 15. Nde4 Nxc3 16. Nxc3 b6 17. a4 Qd8 18. a5 Qc7 19. axb6 axb6 20. Ra6 Rb8 21. Qb3 Nh5 22. Rfa1 Nf4 23. Bf1 Kh8 24. Ra7 Rb7 25. Qa3 Rfb8 26. Qa6 Kg8 27. Rxb7 Rxb7 28. Nb5 Bxb5 29. Qxb5 Qe7 30. Ra8+ Bf8 31. Re8 Qf6 32. Qc6 Re7 33. Ra8 e4 34. Qc8 1-0

[Event "It (open)"]
[Site "Teplice (Czech Republic)"]
[Date "2007.06.17"]
[Round "2"]
[White "Liska Jiri (CZE)"]
[Black "Talla Vladimir (CZE)"]
[Result "0-1"]
[WhiteElo "2018"]
[BlackElo "2432"]
[PlyCount "52"]
[EventDate "2007.??.??"]
[Source "www.chesslib.no"]
[SourceDate "2004.05.04"]

1. c4 Nf6 2. Nc3 g6 3. Nf3 Bg7 4. e4 d6 5. d4 O-O 6. Bg5 h6 7. Bh4 g5 8. Bg3 Nh5 9. Be2 Nxg3 10. hxg3 c5 11. Qd2 e6 12. dxc5 dxc5 13. Qxd8 Rxd8 14. O-O Nc6 15. Rfd1 Rxd1+ 16. Rxd1 Kf8 17. Ne1 Ke7 18. Nc2 b6 19. Kf1 Bb7 20. f4 Nb4 21. Nxb4 cxb4 22. Nb5 Bxe4 23. b3 a6 24. Nd6 Bc6 25. c5 bxc5 26. Nc4 Bd4 0-1